00776nam a2200217 i 4500003000900000005001700009007000300026008004100029040003000070082002300100100003200123245005200155264007600207300002600283336002700309337003300336338002800369650004700397651005200444651006200496DO-SdBNP20240912095444.0ta240912s1951 dr 000 0 spa d aDO-SdBNPbspacBNPHUerda 4a972.9373bO12b222 aObjío F., Sigfridoeautor10aBaní :bcosas antiguas /cSigfrido Objío F. 1aCiudad Trujillo, República Dominicana :bImpresora Dominicana,c1951. a100 páginasc22 cm. atextobtxt2rdacontent asin mediaciónbn2rdamedia avolumenbnc2rdacarrier 4aCiudades y puebloszRepública Dominicana 4aBaní (República Dominicana)xHistoria local 4aBaní (República Dominicana)xVida social y costumbres